000 00539nam a2200193 a 4500
001 1771666227374
003 YourLibrary
005 20260221150218.0
008 260221s2009##################000#0#eng##
020 _a9780521125581
082 0 4 _a338.6420
_bSTO
100 1 _aStorey, David John,
_eauthor.
245 1 0 _aSmall Firms in Regional Economic Development :
260 _bCambridge University Press,
_c2009.
300 _a244 pages
650 0 _aPolitical Science.
942 _cENGLISH
040 _aYourLibrary
_beng
_cYourLibrary
999 _c615280
_d615280